[Event "London Chess Classic: Blitz A"]
[Site "London"]
[Date "2019.12.08"]
[Round "8"]
[White "Muhunthan, Charukgan"]
[Black "Essis, Essoh Jean Mathieu"]
[Result "1-0"]
[WhiteElo "1377"]
[BlackElo "1430"]
[PlyCount "57"]
[EventDate "2019.12.08"]
[EventType "swiss (blitz)"]
[EventRounds "11"]
[EventCountry "ENG"]
[SourceTitle "EXT 2021"]
[Source "ChessBase"]
[SourceDate "2020.10.23"]
[SourceVersion "1"]
[SourceVersionDate "2020.10.23"]
[SourceQuality "1"]

1. e4 e5 2. Nf3 Nc6 3. Bb5 a6 4. Ba4 b5 5. Bb3 h6 6. c3 d6 7. h3 Bb7 8. Qe2 Nf6 9. 0-0 Nd7 10. Rd1 Nc5 11. Bc2 Be7 12. d4 exd4 13. cxd4 Ne6 14. d5 Nb4 15. dxe6 Nxc2 16. exf7+ Kxf7 17. Qxc2 Qf8 18. Nbd2 Bf6 19. Qxc7+ Qe7 20. Qxe7+ Kxe7 21. Re1 Kf7 22. Rb1 Rac8 23. Nb3 Rc2 24. Nbd4 Bxd4 25. Nxd4 Rc4 26. Nf5 Bxe4 27. Rxe4 Kf6 28. Rxc4 bxc4 29. Nxd6 1-0

[Event "London Classic U1600 op 10th"]
[Site "London"]
[Date "2018.12.16"]
[Round "5"]
[White "Muhunthan, Charukgan"]
[Black "Ismail, Mohammed Aayan"]
[Result "0-1"]
[WhiteElo "1349"]
[BlackElo "1585"]
[PlyCount "88"]
[EventDate "2018.12.14"]
[EventType "swiss"]
[EventRounds "5"]
[EventCountry "ENG"]
[SourceTitle "CBM 187 Extra"]
[Source "ChessBase"]
[SourceDate "2018.11.04"]
[SourceVersion "1"]
[SourceVersionDate "2018.11.04"]
[SourceQuality "1"]

1. e4 e6 2. d4 d5 3. e5 c5 4. c3 Nc6 5. Nf3 Qb6 6. a3 cxd4 7. cxd4 Nge7 8. b4 Nf5 9. Be3 Be7 10. Nc3 Bd7 11. Rc1 0-0 12. Na4 Qd8 13. Nc5 Bxc5 14. Rxc5 Nxe3 15. fxe3 Rc8 16. Qc2 Ne7 17. Bd3 Nf5 18. Bxf5 exf5 19. 0-0 Qe7 20. Rc1 h6 21. Qf2 Be6 22. Qg3 Qd7 23. Qf2 Rxc5 24. Rxc5 b6 25. Rc3 Rc8 26. Qc2 Rxc3 27. Qxc3 Qb5 28. Kf2 Qc4 29. Qxc4 dxc4 30. Ke2 b5 31. Kd2 Bd5 32. Kc3 g5 33. Kd2 Kf8 34. Ke2 Ke7 35. Kf2 Be4 36. Ng1 c3 37. Ne2 c2 38. g3 Ke6 39. Ke1 Kd5 40. Kd2 Kc4 41. Nc1 h5 42. Ne2 Kb3 43. Nc3 c1Q+ 44. Kxc1 Kxc3 0-1

[Event "London Classic op U1750 9th"]
[Site "London"]
[Date "2017.12.04"]
[Round "1"]
[White "Muhunthan, Charukgan"]
[Black "Mospan, Edward"]
[Result "1-0"]
[WhiteElo "1570"]
[BlackElo "1274"]
[PlyCount "111"]
[EventDate "2017.12.04"]
[EventType "swiss"]
[EventRounds "5"]
[EventCountry "ENG"]
[SourceTitle "CBM 182 Extra"]
[Source "ChessBase"]
[SourceDate "2018.02.23"]
[SourceVersion "1"]
[SourceVersionDate "2018.02.23"]
[SourceQuality "1"]

1. e4 e6 2. d4 d5 3. e5 c5 4. c3 a6 5. Nf3 Nc6 6. a3 Be7 7. b4 c4 8. Be3 Qc7 9. Be2 Bd8 10. 0-0 Nge7 11. a4 a5 12. b5 Nb8 13. Na3 b6 14. Nd2 Nf5 15. Nc2 0-0 16. Bg4 Nxe3 17. Nxe3 f5 18. exf6 Rxf6 19. Nf3 Nd7 20. Bh3 Rg6 21. Ng4 Bf6 22. Re1 Nf8 23. Nfe5 Bxe5 24. Nxe5 Rh6 25. Re3 Qe7 26. Rg3 Bd7 27. Qe2 Be8 28. Re3 Bh5 29. Qe1 Bg6 30. Nc6 Qc7 31. Rf3 Bf5 32. Qe3 Rh4 33. Rg3 Re4 34. Qg5 Re8 35. Qd2 Ng6 36. f3 Rh4 37. Bxf5 exf5 38. Re1 Rxe1+ 39. Qxe1 Qd7 40. Rxg6 hxg6 41. Qxh4 Qe8 42. Qd8 Qxd8 43. Nxd8 Kf8 44. Nc6 Kf7 45. f4 Kf6 46. h4 g5 47. hxg5+ Kg6 48. Kf2 Kf7 49. Kf3 g6 50. g4 Ke6 51. gxf5+ gxf5 52. Kg3 Kf7 53. Kh4 Kg6 54. Ne7+ Kf7 55. Nxf5 Kg6 56. Ne3 1-0